000 00588 a2200169 4500
999 _c5149
_d5149
010 _aENG-86753
020 _c48.00
_a8172084455
035 _aEN-70286
037 _bDBAD / PUB
082 1 4 _a230.35
100 _aKamaraju, Anil Kumar
245 1 _aSai Sandesh :
_cby Anil Kumar Kamaraju
_bSai's gems for healthy living /
260 _aPrasanthi Nilayam
_bSri Sathya Sai Books & Publications Trust
_c2006
270 _aPrasanthi Nilayam P.O.,
_bPrasanthi Nilayam
_e515 134
_cAnanthapur Dist. (A.P.)
300 _axi, 418p
_c21cm (pbk)
942 _adpl
_cEN
_2ddc
_h230.35
_mKAM